000
00258nam a2200097Ia 4500
001
652827
005
20250826154445.0
008
250824s9999 xx 000 0 und d
245
0
_a
ÇANAKKALE DE AÇAN VATAN ÇİÇEKLERİ
_c
HASAN BAYRAKTAR
260
_b
KAYALIPARK
999
_c
652827
_d
652827